| 000 | 00000nam 2200000za 4500 |
| 001 | 9.579373 |
| 003 | CaOODSP |
| 005 | 20230111144506 |
| 007 | cr ||||||||||| |
| 008 | 150406|2002||||xxc|||||o f|0| 0 eng d |
| 040 | |aCaOODSP|beng |
| 043 | |an-cn--- |
| 086 | 1 |aEn152-1/225-2003E-PDF |
| 110 | 2 |aSt. Lawrence Centre. |
| 245 | 10|aSpatial and temporal evolution of the geochemistry and sedimentary processes of Lake Saint-François in the 20th century / |h[electronic resource]|c[by] Magella Pelletier and Serge Lepage. |
| 260 | |aMontreal - Quebec : |bEnvironment Canada. |cMarch 2003. |
| 300 | |a97, 50p.|bfigs. (some coloured), maps (some coloured), references, tables |
| 490 | 1 |aScientific and technical report|vST-225E |
| 500 | |aThe catalogue number (En152-1/225-2003E) and ISBN (0-662-38481-4) for the print edition have been incorrectly copied in this electronic publication. |
| 546 | |a(Texte préliminaire et résumé en français.) |
| 590 | |a14-08-Supp|b2014-04-10 |
| 690 | 07|aGeochemistry|2gcpds |
| 690 | 07|aLakes|2gcpds |
| 690 | 07|aSedimentology|2gcpds |
| 775 | 08|tÉvolution spatiale et temporelle des processus sédimentaires et de la géochimie des sédiments du lac Saint-François au 20e siècle / |w(CaOODSP)9.606855 |
| 830 | #0|aScientific and technical report (St. Lawrence Centre)|vST-225E|w(CaOODSP)9.504971 |
| 856 | 40|ahttp://publications.gc.ca|qPDF|s257 KB|uhttps://publications.gc.ca/collections/collection_2014/ec/En152-1-225-2003-2-eng.pdf |
| 856 | 40|ahttp://publications.gc.ca|qPDF|s2.93 MB|uhttps://publications.gc.ca/collections/collection_2014/ec/En152-1-225-2003-1-eng.pdf|yST-225E |